<?xml version="1.0" encoding="UTF-8"?>
<record
    xmlns:xsi="http://www.w3.org/2001/XMLSchema-instance"
    xsi:schemaLocation="http://www.loc.gov/MARC21/slim http://www.loc.gov/standards/marcxml/schema/MARC21slim.xsd"
    xmlns="http://www.loc.gov/MARC21/slim">

  <leader>04437njm a2200577Ia 4500</leader>
  <controlfield tag="001">40057</controlfield>
  <controlfield tag="003">IT-RoPAU</controlfield>
  <controlfield tag="005">20220918181120.0</controlfield>
  <controlfield tag="008">131025s9999    xx            000 0 und d</controlfield>
  <datafield tag="040" ind1=" " ind2=" ">
    <subfield code="a">IT-RoPAU</subfield>
  </datafield>
  <datafield tag="040" ind1=" " ind2=" ">
    <subfield code="c">IT-RoPAU</subfield>
  </datafield>
  <datafield tag="041" ind1=" " ind2=" ">
    <subfield code="a">ITALIANO</subfield>
  </datafield>
  <datafield tag="999" ind1=" " ind2=" ">
    <subfield code="c">99723</subfield>
    <subfield code="d">99723</subfield>
  </datafield>
  <datafield tag="999" ind1=" " ind2=" ">
    <subfield code="b">n.d.</subfield>
  </datafield>
  <datafield tag="100" ind1=" " ind2=" ">
    <subfield code="a">AA.VV.</subfield>
    <subfield code="9">794</subfield>
  </datafield>
  <datafield tag="100" ind1=" " ind2=" ">
    <subfield code="e">Autore musica</subfield>
    <subfield code="9">20608</subfield>
  </datafield>
  <datafield tag="100" ind1=" " ind2=" ">
    <subfield code="g">Codice autore musica SPICS: 12000</subfield>
    <subfield code="9">796</subfield>
  </datafield>
  <datafield tag="245" ind1=" " ind2=" ">
    <subfield code="a">Romanze indimenticabili, vol. 02</subfield>
  </datafield>
  <datafield tag="250" ind1=" " ind2=" ">
    <subfield code="a">1a ed.</subfield>
  </datafield>
  <datafield tag="260" ind1=" " ind2=" ">
    <subfield code="a">ITALIA</subfield>
  </datafield>
  <datafield tag="260" ind1=" " ind2=" ">
    <subfield code="b">SELEZIONE</subfield>
    <subfield code="c">1972 [1a Ed.:1972]</subfield>
  </datafield>
  <datafield tag="300" ind1=" " ind2=" ">
    <subfield code="a">DISCO</subfield>
  </datafield>
  <datafield tag="500" ind1=" " ind2=" ">
    <subfield code="a">Musica classica. Musica operistica. Musica lirica. Celebri romanze Tratte da opere liriche famose</subfield>
  </datafield>
  <datafield tag="505" ind1=" " ind2=" ">
    <subfield code="a">Largo al factotum (da "Il Barbiere di Siviglia") - Che gelida manina (da "La Boheme") - S&#xEC;, mi chiamano Mim&#xEC; (da "La Boheme") - Un bel d&#xEC; vedremo (da "Madama Butterfly") - Celeste Aida (da "Aida") - La donna &#xE8; mobile (da "Rigoletto") - Vissi d'arte (da "Tosca") - Valzer di Musetta (da "La Boheme") - O tu, bell'astro (da "Tannhauser") - Habanera (da "Carmen") - E lucevan le stelle (da "Tosca") - Aria delle campanelle (da "Lakm&#xE9;")</subfield>
  </datafield>
  <datafield tag="511" ind1=" " ind2=" ">
    <subfield code="a">Orchestra del Teatro Metropolitan di New York diretta da Leinsdorf Erich</subfield>
  </datafield>
  <datafield tag="511" ind1=" " ind2=" ">
    <subfield code="a">Orchestra del Teatro dell'Opera di Roma diretta da Leinsdorf Erich</subfield>
  </datafield>
  <datafield tag="511" ind1=" " ind2=" ">
    <subfield code="a">Orchestra della Rca Italiana diretta da Leinsdorf Erich</subfield>
  </datafield>
  <datafield tag="511" ind1=" " ind2=" ">
    <subfield code="a">London Symphony Orchestra diretta da Leinsdorf Erich</subfield>
  </datafield>
  <datafield tag="511" ind1=" " ind2=" ">
    <subfield code="a">Orchestra della Rca Italiana diretta da Solti Georg</subfield>
  </datafield>
  <datafield tag="511" ind1=" " ind2=" ">
    <subfield code="a">Orchestra del Teatro dell'Opera di Roma diretta da De Fabritiis Olivier</subfield>
  </datafield>
  <datafield tag="511" ind1=" " ind2=" ">
    <subfield code="a">Orchestra e Coro del Teatro dell'Opera di Roma diretti da Leinsdorf Erich</subfield>
  </datafield>
  <datafield tag="511" ind1=" " ind2=" ">
    <subfield code="a">New Philharmonia Orchestra diretta da Guadagno Anton</subfield>
  </datafield>
  <datafield tag="511" ind1=" " ind2=" ">
    <subfield code="a">Orchestra Filarmonica di Vienna e Coro diretta da Von Karajan Herbert</subfield>
  </datafield>
  <datafield tag="511" ind1=" " ind2=" ">
    <subfield code="a">Orchestra del Teatro dell'Opera di Roma diretta da Serafin Tullio</subfield>
  </datafield>
  <datafield tag="650" ind1=" " ind2=" ">
    <subfield code="a">OPERA [DISCHI]</subfield>
    <subfield code="e">Codice MATERIA SPICS: 9950</subfield>
    <subfield code="9">961</subfield>
  </datafield>
  <datafield tag="700" ind1=" " ind2=" ">
    <subfield code="a">Rossini Gioachino</subfield>
    <subfield code="d">Codice autore musica SPICS: 11125</subfield>
    <subfield code="e">Autore musica</subfield>
    <subfield code="p">Largo al factotum (da "Il Barbiere di Siviglia")</subfield>
    <subfield code="9">20609</subfield>
  </datafield>
  <datafield tag="700" ind1=" " ind2=" ">
    <subfield code="a">Sterbini Cesare</subfield>
    <subfield code="d">Codice autore testo SPICS: 23065</subfield>
    <subfield code="e">Autore testo</subfield>
    <subfield code="p">Largo al factotum (da "Il Barbiere di Siviglia")</subfield>
    <subfield code="9">20610</subfield>
  </datafield>
  <datafield tag="700" ind1=" " ind2=" ">
    <subfield code="a">Puccini Giacomo</subfield>
    <subfield code="d">Codice autore musica SPICS: 11082</subfield>
    <subfield code="e">Autore musica</subfield>
    <subfield code="p">Che gelida manina (da "La Boheme") - S&#xEC;, mi chiamano Mim&#xEC; (da "La Boheme") - Un bel d&#xEC; vedremo (da "Madama Butterfly") - Vissi d'arte (da "Tosca") - Valzer di Musetta (da "La Boheme") - E lucevan le stelle (da "Tosca")</subfield>
    <subfield code="9">20611</subfield>
  </datafield>
  <datafield tag="700" ind1=" " ind2=" ">
    <subfield code="a">Illica Luigi</subfield>
    <subfield code="d">Codice autore testo SPICS: 16756</subfield>
    <subfield code="e">Autore testo</subfield>
    <subfield code="p">Che gelida manina (da "La Boheme") - S&#xEC;, mi chiamano Mim&#xEC; (da "La Boheme") - Un bel d&#xEC; vedremo (da "Madama Butterfly") - Vissi d'arte (da "Tosca") - Valzer di Musetta (da "La Boheme") - E lucevan le stelle (da "Tosca")</subfield>
    <subfield code="9">20612</subfield>
  </datafield>
  <datafield tag="700" ind1=" " ind2=" ">
    <subfield code="a">Giacosa Giuseppe</subfield>
    <subfield code="d">Codice autore testo SPICS: 16757</subfield>
    <subfield code="e">Autore testo</subfield>
    <subfield code="p">Che gelida manina (da "La Boheme") - S&#xEC;, mi chiamano Mim&#xEC; (da "La Boheme") - Un bel d&#xEC; vedremo (da "Madama Butterfly") - Vissi d'arte (da "Tosca") - Valzer di Musetta (da "La Boheme") - E lucevan le stelle (da "Tosca")</subfield>
    <subfield code="9">20613</subfield>
  </datafield>
  <datafield tag="700" ind1=" " ind2=" ">
    <subfield code="a">Verdi Giuseppe</subfield>
    <subfield code="d">Codice autore musica SPICS: 89</subfield>
    <subfield code="e">Autore musica</subfield>
    <subfield code="p">Celeste Aida (da "Aida") - La donna &#xE8; mobile (da "Rigoletto")</subfield>
    <subfield code="9">20614</subfield>
  </datafield>
  <datafield tag="700" ind1=" " ind2=" ">
    <subfield code="a">Ghislanzoni Antonio</subfield>
    <subfield code="d">Codice autore testo SPICS: 11798</subfield>
    <subfield code="e">Autore testo</subfield>
    <subfield code="p">Celeste Aida (da "Aida")</subfield>
    <subfield code="9">20615</subfield>
  </datafield>
  <datafield tag="700" ind1=" " ind2=" ">
    <subfield code="a">Piave Francesco Maria</subfield>
    <subfield code="d">Codice autore testo SPICS: 12281</subfield>
    <subfield code="e">Autore testo</subfield>
    <subfield code="p">La donna &#xE8; mobile (da "Rigoletto")</subfield>
    <subfield code="9">20616</subfield>
  </datafield>
  <datafield tag="700" ind1=" " ind2=" ">
    <subfield code="a">Wagner Richard</subfield>
    <subfield code="d">Codice autore testo/musica SPICS: 563</subfield>
    <subfield code="e">Autore testo/musica</subfield>
    <subfield code="p">O tu, bell'astro (da "Tannhauser")</subfield>
    <subfield code="9">20617</subfield>
  </datafield>
  <datafield tag="700" ind1=" " ind2=" ">
    <subfield code="a">Bizet Georges</subfield>
    <subfield code="d">Codice autore musica SPICS: 10724</subfield>
    <subfield code="e">Autore musica</subfield>
    <subfield code="p">Habanera (da "Carmen")</subfield>
    <subfield code="9">20618</subfield>
  </datafield>
  <datafield tag="700" ind1=" " ind2=" ">
    <subfield code="a">Meilhac Henry</subfield>
    <subfield code="d">Codice autore SPICS: 16867</subfield>
    <subfield code="e">Autore</subfield>
    <subfield code="p">Habanera (da "Carmen")</subfield>
    <subfield code="9">20619</subfield>
  </datafield>
  <datafield tag="700" ind1=" " ind2=" ">
    <subfield code="a">Halevy Ludovic</subfield>
    <subfield code="d">Codice autore testo SPICS: 16868</subfield>
    <subfield code="e">Autore testo</subfield>
    <subfield code="p">Habanera (da "Carmen")</subfield>
    <subfield code="9">20620</subfield>
  </datafield>
  <datafield tag="700" ind1=" " ind2=" ">
    <subfield code="a">Delibes Leo</subfield>
    <subfield code="d">Codice autore musica SPICS: 7951</subfield>
    <subfield code="e">Autore musica</subfield>
    <subfield code="p">Aria delle campanelle (da "Lakm&#xE9;")</subfield>
    <subfield code="9">20621</subfield>
  </datafield>
  <datafield tag="700" ind1=" " ind2=" ">
    <subfield code="a">Gondinet</subfield>
    <subfield code="d">Codice autore SPICS: 28544</subfield>
    <subfield code="e">Autore</subfield>
    <subfield code="p">Aria delle campanelle (da "Lakm&#xE9;")</subfield>
    <subfield code="9">20622</subfield>
  </datafield>
  <datafield tag="700" ind1=" " ind2=" ">
    <subfield code="a">Gille</subfield>
    <subfield code="d">Codice autore testo/musica SPICS: 28545</subfield>
    <subfield code="e">Codice autore testo/musica SPICS: 28545</subfield>
    <subfield code="p">Aria delle campanelle (da "Lakm&#xE9;")</subfield>
    <subfield code="9">20623</subfield>
  </datafield>
  <datafield tag="942" ind1=" " ind2=" ">
    <subfield code="c">MD</subfield>
    <subfield code="2">ddc</subfield>
  </datafield>
  <datafield tag="952" ind1=" " ind2=" ">
    <subfield code="0">0</subfield>
    <subfield code="1">0</subfield>
    <subfield code="4">0</subfield>
    <subfield code="6">40057_000000000000000</subfield>
    <subfield code="7">1</subfield>
    <subfield code="a">SPICS</subfield>
    <subfield code="b">SPICS</subfield>
    <subfield code="d">2013-10-25</subfield>
    <subfield code="l">0</subfield>
    <subfield code="o">40057</subfield>
    <subfield code="r">2013-10-25 00:00:00</subfield>
    <subfield code="w">2013-10-25</subfield>
    <subfield code="y">MD</subfield>
    <subfield code="z">Progr. Ins.: 13873 / N.Vol.: 1 / Copie: 1 - Copia rara: n.d. / date import: 01.01.2014 - By Epidotti, Trombetti, Vaglietti</subfield>
  </datafield>
</record>
